Engineering Mechanics Dynamics Vol 2\ (Record no. 590132)

000 -LEADER
fixed length control field 00449nam a22001697a 4500
003 - CONTROL NUMBER IDENTIFIER
control field NUST
005 - DATE AND TIME OF LATEST TRANSACTION
control field 20220607103151.0
008 - FIXED-LENGTH DATA ELEMENTS--GENERAL INFORMATION
fixed length control field 220607b ||||| |||| 00| 0 eng d
020 ## - INTERNATIONAL STANDARD BOOK NUMBER
International Standard Book Number 978-1119-66528-1
038 ## - RECORD CONTENT LICENSOR
Staff Name Muzammil
082 ## - DEWEY DECIMAL CLASSIFICATION NUMBER
Classification number 620.104
Author Mark MER
100 ## - MAIN ENTRY--PERSONAL NAME
Personal name Meriam,J.L.
9 (RLIN) 13089
245 ## - TITLE STATEMENT
Title Engineering Mechanics Dynamics Vol 2\
Statement of responsibility, etc. J.L.Meriam & L.G.Kraige.
260 ## - PUBLICATION, DISTRIBUTION, ETC.
Place of publication, distribution, etc. UK
Name of publisher, distributor, etc. John Wiley,
Date of publication, distribution, etc. 2020.
300 ## - PHYSICAL DESCRIPTION
Extent xiv,256;p.:
942 ## - ADDED ENTRY ELEMENTS (KOHA)
Source of classification or shelving scheme
Koha item type Book
Holdings
Withdrawn status Lost status Source of classification or shelving scheme Damaged status Not for loan Permanent Location Current Location Shelving location Date acquired Total Checkouts Full call number Barcode Date last seen Price effective from Koha item type
          School of Mechanical & Manufacturing Engineering (SMME) School of Mechanical & Manufacturing Engineering (SMME) General Stacks 06/07/2022   620.104 MER SMME-3724 06/07/2022 06/07/2022 Book
© 2023 Central Library, National University of Sciences and Technology. All Rights Reserved.